[Event "COL-ch"]
[Site "Cartagena"]
[Date "2023.06.08"]
[Round "1"]
[White "Cotes, Donato"]
[Black "Garzon Camelo, Andres Santiago"]
[Result "0-1"]
[WhiteElo "1647"]
[BlackElo "1957"]
[PlyCount "72"]
[EventDate "2023.06.08"]
[EventType "swiss"]
[EventRounds "9"]
[EventCountry "COL"]
[SourceTitle "CBM 215 Extra"]
[Source "ChessBase"]
[SourceDate "2023.09.30"]
[SourceVersion "1"]
[SourceVersionDate "2023.09.30"]
[SourceQuality "1"]

1. d4 Nf6 2. Nf3 e6 3. Bf4 d5 4. e3 Be7 5. Bd3 0-0 6. Nbd2 c5 7. c3 Nc6 8. 0-0 Bd6 9. Ne5 Qc7 10. Ndf3 h6 11. Re1 Nd7 12. Nxd7 Bxd7 13. Bxd6 Qxd6 14. e4 dxe4 15. Rxe4 Rad8 16. Qe2 cxd4 17. Nxd4 e5 18. Nxc6 Bxc6 19. Re3 Rfe8 20. Re1 Qd5 21. f4 Qc5 22. Kh1 e4 23. Bc2 Bb5 24. Qg4 Rd2 25. Rg3 Qf8 26. Bb3 Bc6 27. f5 Kh8 28. f6 g6 29. h4 e3 30. Qf4 Re4 31. Qc7 Rxh4+ 32. Kg1 Qc5 33. Qb8+ Kh7 34. Rexe3 Qxe3+ 35. Rxe3 Rxg2+ 36. Kf1 Rh1# 0-1

[Event "COL-ch U16 Norte"]
[Site "Valledupar"]
[Date "2012.03.31"]
[Round "5"]
[White "Cotes, Donato"]
[Black "Fontalvo, Nukier Nayid"]
[Result "1-0"]
[WhiteElo "1605"]
[BlackElo "1560"]
[PlyCount "59"]
[EventDate "2012.03.29"]
[EventType "swiss"]
[EventRounds "7"]
[EventCountry "COL"]
[SourceTitle "EXT 2013"]
[Source "ChessBase"]
[SourceDate "2012.11.22"]
[SourceVersion "1"]
[SourceVersionDate "2012.11.22"]
[SourceQuality "1"]

1. e4 e5 2. Nf3 Nc6 3. Bc4 Nf6 4. 0-0 Bc5 5. Nc3 d6 6. d3 Bg4 7. h3 Bh5 8. g4 Bg6 9. Bg5 h6 10. Bxf6 Qxf6 11. Nd5 Qd8 12. c3 Na5 13. Bb3 h5 14. g5 c6 15. Ne3 h4 16. Bc2 Bh5 17. b4 Bxf3 18. Qxf3 Qxg5+ 19. Kh1 Bb6 20. bxa5 Bxa5 21. Rg1 Qh5 22. Qxh5 Rxh5 23. Rab1 b6 24. Rxg7 Kf8 25. Rbg1 Rh8 26. Bb3 Bxc3 27. Rxf7+ Ke8 28. Nf5 d5 29. Nd6+ Kd8 30. Rgg7 1-0